[Technológie, financie a budúcnosť globálnej ekonomiky]

Recenzia na monografiu, ktorá prezentuje pohľady na aktuálne otázky národného, regionálneho a svetového diania.

Na minha lista:
Detalhes bibliográficos
Autor principal: Tokárová, Mária
Formato: Capítulo de Livro
Idioma:eslovaco
Assuntos:
Tags: Adicionar Tag
Sem tags, seja o primeiro a adicionar uma tag!

MARC

LEADER 00000naa a2200000 4500
001 0213854
005 20240502073554.3
041 0 |a slo 
044 |a SK 
245 1 0 |a [Technológie, financie a budúcnosť globálnej ekonomiky]  |c Mária Tokárová 
520 |a Recenzia na monografiu, ktorá prezentuje pohľady na aktuálne otázky národného, regionálneho a svetového diania. 
610 2 0 |a recenzie 
610 2 0 |a technológie nové 
610 2 0 |a financie 
610 2 0 |a hospodárstvo svetové 
610 2 0 |a globalizácia 
610 2 0 |a zmeny technologické 
100 1 |a Tokárová, Mária